[Event "ODJM A 2025"]
[Site "Willingen GER"]
[Date "2025.06.09"]
[Round "3"]
[White "Alheit, Maximilian"]
[Black "Meiwes, Thore"]
[Result "1/2-1/2"]
[Termination "normal"]
[Board "14"]
[WhiteElo "1884"]
[BlackElo "2139"]
[WhiteClock "00:11:49"]
[BlackClock "00:09:23"]
[PlyCount "163"]
[WhiteFideId "34607676"]
[BlackFideId "16201256"]
[EventCountry "GER"]
[EventRounds "9"]
[EventType "swiss"]
[EventDate "2025.06.07"]

1. e4 {[%clk 01:30:59]} {[%emt 00:51:15]} c6 {[%clk 01:30:55]} {[%emt
00:00:06]} 2. d4 {[%clk 01:31:24]} {[%emt 00:00:07]} d5 {[%clk 01:31:21]}
{[%emt 00:00:02]} 3. Nd2 {[%clk 01:31:41]} {[%emt 00:00:12]} dxe4 {[%clk
01:31:45]} {[%emt 00:00:05]} 4. Nxe4 {[%clk 01:32:07]} {[%emt 00:00:04]} Bf5
{[%clk 01:32:07]} {[%emt 00:00:09]} 5. Ng3 {[%clk 01:32:32]} {[%emt 00:00:05]}
Bg6 {[%clk 01:32:31]} {[%emt 00:00:05]} 6. Nf3 {[%clk 01:32:58]} {[%emt
00:00:04]} Nd7 {[%clk 01:32:55]} {[%emt 00:00:06]} 7. h4 {[%clk 01:33:23]}
{[%emt 00:00:05]} h6 {[%clk 01:33:21]} {[%emt 00:00:04]} 8. h5 {[%clk
01:33:47]} {[%emt 00:00:06]} Bh7 {[%clk 01:33:49]} {[%emt 00:00:03]} 9. Bd3
{[%clk 01:34:10]} {[%emt 00:00:06]} Bxd3 {[%clk 01:34:15]} {[%emt 00:00:05]}
10. Qxd3 {[%clk 01:34:35]} {[%emt 00:00:05]} e6 {[%clk 01:34:38]} {[%emt
00:00:06]} 11. Bf4 {[%clk 01:32:00]} {[%emt 00:03:05]} Qa5+ {[%clk 01:34:58]}
{[%emt 00:00:10]} 12. Bd2 {[%clk 01:32:25]} {[%emt 00:00:06]} Bb4 {[%clk
01:35:15]} {[%emt 00:00:12]} 13. Ne4 {[%clk 01:21:03]} {[%emt 00:11:52]} Ngf6
{[%clk 01:35:42]} {[%emt 00:00:03]} 14. Nd6+ {[%clk 01:08:35]} {[%emt
00:12:58]} Ke7 {[%clk 01:36:03]} {[%emt 00:00:07]} 15. Nc4 {[%clk 01:08:44]}
{[%emt 00:00:22]} Bxd2+ {[%clk 01:36:20]} {[%emt 00:00:14]} 16. Nfxd2 {[%clk
01:08:53]} {[%emt 00:00:21]} Qa6 {[%clk 01:27:30]} {[%emt 00:09:20]} 17. Qg3
{[%clk 01:05:30]} {[%emt 00:03:52]} c5 {[%clk 01:20:25]} {[%emt 00:07:37]} 18.
dxc5 {[%clk 00:55:39]} {[%emt 00:10:22]} Nxc5 {[%clk 01:20:30]} {[%emt
00:00:23]} 19. b4 {[%clk 00:46:25]} {[%emt 00:09:45]} Ncd7 {[%clk 01:18:11]}
{[%emt 00:02:49]} 20. b5 {[%clk 00:39:37]} {[%emt 00:07:18]} Qxb5 {[%clk
01:18:32]} {[%emt 00:00:09]} 21. Qd6+ {[%emt 00:00:15]} Ke8 {[%clk 01:16:35]}
{[%emt 00:02:24]} 22. O-O {[%clk 00:38:40]} {[%emt 00:01:45]} Qc5 {[%clk
01:15:42]} {[%emt 00:01:23]} 23. Qf4 {[%clk 00:36:06]} {[%emt 00:03:02]} Ke7
{[%clk 01:06:31]} {[%emt 00:09:43]} 24. Rfd1 {[%clk 00:31:54]} {[%emt
00:04:42]} Rac8 {[%clk 00:57:05]} {[%emt 00:09:55]} 25. Rab1 {[%clk 00:28:50]}
{[%emt 00:03:34]} b6 {[%clk 00:56:01]} {[%emt 00:01:34]} 26. Ne3 {[%clk
00:27:28]} {[%emt 00:01:53]} Nxh5 {[%clk 00:54:26]} {[%emt 00:02:04]} 27. Qa4
{[%clk 00:24:26]} {[%emt 00:03:33]} Nhf6 {[%clk 00:52:11]} {[%emt 00:02:44]}
28. Nb3 {[%clk 00:21:04]} {[%emt 00:03:52]} Qc7 {[%clk 00:49:18]} {[%emt
00:03:23]} 29. Rd3 {[%clk 00:19:00]} {[%emt 00:02:34]} Rhd8 {[%clk 00:48:41]}
{[%emt 00:01:07]} 30. Rbd1 {[%clk 00:19:14]} {[%emt 00:00:17]} Nc5 {[%clk
00:42:24]} {[%emt 00:06:46]} 31. Nxc5 {[%clk 00:19:28]} {[%emt 00:00:17]} bxc5
{[%clk 00:42:43]} {[%emt 00:00:11]} 32. Rxd8 {[%clk 00:17:15]} {[%emt
00:02:43]} Rxd8 {[%clk 00:42:37]} {[%emt 00:00:35]} 33. Rxd8 {[%clk 00:17:33]}
{[%emt 00:00:12]} Kxd8 {[%clk 00:42:55]} {[%emt 00:00:12]} 34. Nc4 {[%clk
00:17:59]} {[%emt 00:00:05]} Nd7 {[%clk 00:34:06]} {[%emt 00:09:19]} 35. Qa3
{[%clk 00:17:03]} {[%emt 00:01:26]} Nb6 {[%clk 00:31:15]} {[%emt 00:03:21]} 36.
Ne3 {[%clk 00:17:30]} {[%emt 00:00:02]} Ke7 {[%clk 00:29:50]} {[%emt 00:01:54]}
37. g3 {[%clk 00:17:31]} {[%emt 00:00:30]} Ke8 {[%clk 00:24:10]} {[%emt
00:06:10]} 38. Qd3 {[%clk 00:17:23]} {[%emt 00:00:39]} Qe5 {[%clk 00:20:31]}
{[%emt 00:04:07]} 39. Qa6 {[%clk 00:16:46]} {[%emt 00:01:09]} Qc7 {[%clk
00:20:18]} {[%emt 00:00:42]} 40. Qd3 {[%clk 00:17:07]} {[%emt 00:00:10]} h5
{[%clk 00:18:23]} {[%emt 00:02:23]} 41. Qe4 {[%clk 00:12:25]} {[%emt 00:05:13]}
Kf8 {[%clk 00:17:23]} {[%emt 00:01:30]} 42. Qh4 {[%clk 00:12:14]} {[%emt
00:00:40]} g6 {[%clk 00:16:37]} {[%emt 00:01:17]} 43. Qf6 {[%clk 00:11:44]}
{[%emt 00:01:00]} Nd7 {[%clk 00:16:49]} {[%emt 00:00:18]} 44. Qg5 {[%clk
00:10:56]} {[%emt 00:01:18]} Nb6 {[%clk 00:11:30]} {[%emt 00:05:49]} 45. g4
{[%clk 00:08:53]} {[%emt 00:02:33]} hxg4 {[%clk 00:08:34]} {[%emt 00:03:26]}
46. Nxg4 {[%clk 00:09:00]} {[%emt 00:00:23]} Nd5 {[%clk 00:07:43]} {[%emt
00:01:22]} 47. Ne3 {[%clk 00:07:48]} {[%emt 00:01:41]} Qf4 {[%clk 00:04:28]}
{[%emt 00:03:45]} 48. Qd8+ {[%clk 00:07:38]} {[%emt 00:00:41]} Kg7 {[%clk
00:04:48]} {[%emt 00:00:08]} 49. Nxd5 {[%clk 00:07:19]} {[%emt 00:00:51]} Qg4+
{[%clk 00:05:10]} {[%emt 00:00:07]} 50. Kh2 {[%clk 00:07:22]} {[%emt 00:00:28]}
Qh5+ {[%clk 00:05:32]} {[%emt 00:00:06]} 51. Kg1 {[%clk 00:07:47]} {[%emt
00:00:06]} Qxd5 {[%clk 00:05:32]} {[%emt 00:00:31]} 52. Qc7 {[%clk 00:07:51]}
{[%emt 00:00:26]} a6 {[%clk 00:04:13]} {[%emt 00:01:48]} 53. a4 {[%clk
00:07:40]} {[%emt 00:00:41]} c4 {[%clk 00:00:32]} {[%emt 00:04:11]} 54. a5
{[%clk 00:08:01]} {[%emt 00:00:10]} e5 {[%clk 00:00:50]} {[%emt 00:00:12]} 55.
Kf1 {[%clk 00:07:01]} {[%emt 00:01:29]} g5 {[%clk 00:29:38]} {[%emt 00:01:41]}
56. Ke2 {[%clk 00:36:04]} {[%emt 00:01:30]} Qe4+ {[%clk 00:27:36]} {[%emt
00:02:30]} 57. Kd2 {[%clk 00:36:09]} {[%emt 00:00:25]} Qd4+ {[%clk 00:27:54]}
{[%emt 00:00:12]} 58. Ke2 {[%clk 00:36:22]} {[%emt 00:00:17]} c3 {[%clk
00:27:54]} {[%emt 00:00:30]} 59. Kf3 {[%clk 00:36:32]} {[%emt 00:00:20]} e4+
{[%clk 00:25:17]} {[%emt 00:03:07]} 60. Kg2 {[%emt 00:00:33]} e3 {[%clk
00:23:11]} {[%emt 00:02:34]} 61. fxe3 {[%clk 00:36:59]} {[%emt 00:00:02]} Qxe3
{[%clk 00:23:23]} {[%emt 00:00:19]} 62. Qb6 {[%clk 00:37:14]} {[%emt 00:00:15]}
Qe2+ {[%clk 00:22:19]} {[%emt 00:01:33]} 63. Kg3 {[%clk 00:36:26]} Qxc2 {[%clk
00:20:36]} {[%emt 00:03:30]} 64. Qd4+ {[%clk 00:36:27]} Kg6 {[%clk 00:20:31]}
{[%emt 00:01:04]} 65. Qd6+ {[%clk 00:36:46]} f6 {[%clk 00:20:27]} {[%emt
00:00:46]} 66. Qd5 {[%clk 00:36:41]} Qd2 {[%clk 00:13:46]} {[%emt 00:07:47]}
67. Qe4+ {[%clk 00:23:17]} Kf7 {[%clk 00:13:59]} {[%emt 00:14:10]} 68. Qh7+
{[%clk 00:20:02]} Ke6 {[%clk 00:14:08]} {[%emt 00:04:07]} 69. Qe4+ {[%clk
00:20:04]} Kd6 {[%clk 00:13:49]} {[%emt 00:01:15]} 70. Qb4+ {[%clk 00:20:28]}
Kd5 {[%clk 00:13:36]} {[%emt 00:00:50]} 71. Qb7+ {[%clk 00:20:19]} Kd4 {[%clk
00:12:28]} {[%emt 00:02:17]} 72. Qa7+ {[%clk 00:19:37]} Ke4 {[%clk 00:12:18]}
{[%emt 00:01:49]} 73. Qb7+ {[%clk 00:18:24]} Ke3 {[%clk 00:12:18]} 74. Qf3+
{[%clk 00:18:24]} Kd4 {[%clk 00:12:18]} 75. Qxf6+ {[%clk 00:18:24]} Ke4 {[%clk
00:09:40]} {[%emt 00:06:36]} 76. Qe6+ {[%clk 00:12:44]} Kd4 {[%clk 00:09:23]}
{[%emt 00:07:15]} 77. Qd6+ {[%clk 00:11:49]} Ke3 {[%clk 00:09:23]} 78. Qe6+
{[%clk 00:11:49]} Kd3 {[%clk 00:09:23]} 79. Qg6+ {[%clk 00:11:49]} Ke2 {[%clk
00:09:23]} 80. Qh5+ {[%clk 00:11:49]} Kd3 {[%clk 00:09:23]} 81. Qg6+ {[%clk
00:11:49]} Ke4 {[%clk 00:09:23]} 82. Qxa6 {[%clk 00:11:49]} 1/2-1/2

[Event "ODJM A 2025"]
[Site "Willingen GER"]
[Date "2025.06.09"]
[Round "3"]
[White "Nguyen, Phuc Nhat"]
[Black "Melde, Benjamin"]
[Result "0-1"]
[Termination "normal"]
[Board "15"]
[WhiteElo "1974"]
[BlackElo "2065"]
[WhiteClock "00:15:46"]
[BlackClock "00:04:17"]
[PlyCount "72"]
[WhiteFideId "16253590"]
[BlackFideId "12958816"]
[EventCountry "GER"]
[EventRounds "9"]
[EventType "swiss"]
[EventDate "2025.06.07"]

1. e4 {[%clk 01:30:58]} {[%emt 00:51:29]} c5 {[%clk 01:29:16]} {[%emt
00:01:30]} 2. Nf3 {[%clk 01:31:25]} {[%emt 00:00:12]} e6 {[%clk 01:29:39]}
{[%emt 00:00:09]} 3. d4 {[%clk 01:31:49]} {[%emt 00:00:05]} cxd4 {[%clk
01:30:04]} {[%emt 00:00:05]} 4. Nxd4 {[%clk 01:32:14]} {[%emt 00:00:05]} a6
{[%clk 01:30:30]} {[%emt 00:00:04]} 5. Bd3 {[%clk 01:31:14]} {[%emt 00:01:30]}
Nc6 {[%clk 01:29:58]} {[%emt 00:01:02]} 6. Nxc6 {[%clk 01:30:29]} {[%emt
00:01:16]} dxc6 {[%clk 01:29:28]} {[%emt 00:00:59]} 7. O-O {[%clk 01:29:32]}
{[%emt 00:01:25]} Nf6 {[%clk 01:29:23]} {[%emt 00:00:37]} 8. e5 {[%clk
01:16:46]} {[%emt 00:13:16]} Nd5 {[%clk 01:29:36]} {[%emt 00:00:16]} 9. Qg4
{[%clk 01:16:42]} {[%emt 00:00:34]} b5 {[%clk 01:21:10]} {[%emt 00:08:57]} 10.
a4 {[%clk 01:15:38]} {[%emt 00:01:33]} Bb7 {[%clk 01:20:50]} {[%emt 00:00:50]}
11. Bg5 {[%clk 01:12:34]} {[%emt 00:03:34]} Qc7 {[%clk 01:20:21]} {[%emt
00:01:00]} 12. Re1 {[%clk 01:11:39]} {[%emt 00:01:24]} h6 {[%clk 01:12:35]}
{[%emt 00:08:16]} 13. Bh4 {[%clk 01:08:03]} {[%emt 00:04:06]} g5 {[%clk
01:10:28]} {[%emt 00:02:38]} 14. Bg3 {[%clk 01:06:51]} {[%emt 00:01:42]} h5
{[%clk 01:08:53]} {[%emt 00:02:04]} 15. Qxg5 {[%clk 01:04:03]} {[%emt
00:03:17]} h4 {[%clk 01:09:17]} {[%emt 00:00:07]} 16. Bf4 {[%clk 01:03:31]}
{[%emt 00:01:03]} Bh6 {[%clk 00:53:15]} {[%emt 00:16:31]} 17. Qxh6 {[%clk
00:50:59]} {[%emt 00:13:02]} Rxh6 {[%clk 00:52:55]} {[%emt 00:00:50]} 18. Bxh6
{[%clk 00:51:21]} {[%emt 00:00:08]} O-O-O {[%clk 00:52:37]} {[%emt 00:00:49]}
19. Bg5 {[%clk 00:51:25]} {[%emt 00:00:25]} Rh8 {[%clk 00:23:22]} {[%emt
00:29:45]} 20. Nd2 {[%clk 00:51:08]} {[%emt 00:00:46]} Rh5 {[%clk 00:20:38]}
{[%emt 00:03:16]} 21. f4 {[%clk 00:43:42]} {[%emt 00:07:56]} Qb6+ {[%clk
00:19:05]} {[%emt 00:02:03]} 22. Kh1 {[%clk 00:43:35]} {[%emt 00:00:37]} h3
{[%clk 00:16:23]} {[%emt 00:03:12]} 23. g4 {[%clk 00:35:20]} {[%emt 00:08:45]}
Rh8 {[%clk 00:10:47]} {[%emt 00:06:05]} 24. Ne4 {[%clk 00:35:40]} {[%emt
00:00:10]} Qd4 {[%clk 00:11:00]} {[%emt 00:00:18]} 25. b3 {[%clk 00:34:15]}
{[%emt 00:01:54]} Kb8 {[%clk 00:10:57]} {[%emt 00:00:33]} 26. Rad1 {[%clk
00:30:33]} {[%emt 00:04:12]} Ne3 {[%clk 00:09:31]} {[%emt 00:01:56]} 27. c3
{[%clk 00:26:59]} {[%emt 00:04:05]} Qb6 {[%clk 00:09:57]} {[%emt 00:00:04]} 28.
a5 {[%clk 00:24:37]} {[%emt 00:02:52]} Qa7 {[%clk 00:10:22]} {[%emt 00:00:05]}
29. Be7 {[%clk 00:15:21]} {[%emt 00:09:45]} Nxd1 {[%clk 00:09:30]} {[%emt
00:01:23]} 30. Bc5 {[%clk 00:15:40]} {[%emt 00:00:10]} Nf2+ {[%clk 00:07:52]}
{[%emt 00:02:07]} 31. Bxf2 {[%clk 00:15:16]} {[%emt 00:00:54]} c5 {[%clk
00:08:11]} {[%emt 00:00:12]} 32. b4 {[%clk 00:15:25]} {[%emt 00:00:21]} Bxe4+
{[%clk 00:05:58]} {[%emt 00:02:43]} 33. Bxe4 {[%clk 00:15:45]} {[%emt
00:00:09]} Qd7 {[%clk 00:06:24]} {[%emt 00:00:05]} 34. bxc5 {[%clk 00:15:32]}
{[%emt 00:00:43]} Qd2 {[%clk 00:06:37]} {[%emt 00:00:17]} 35. Kg1 {[%clk
00:15:33]} {[%emt 00:00:29]} Qxf4 {[%clk 00:06:59]} {[%emt 00:00:08]} 36. c6
{[%clk 00:15:46]} {[%emt 00:00:17]} Kc8 {[%clk 00:04:17]} {[%emt 00:03:12]} 0-1

[Event "ODJM A 2025"]
[Site "Willingen GER"]
[Date "2025.06.09"]
[Round "3"]
[White "Seitz, Manuel"]
[Black "Uhlmann, Tim"]
[Result "1/2-1/2"]
[Termination "normal"]
[Board "16"]
[WhiteElo "1859"]
[BlackElo "2118"]
[WhiteClock "00:07:56"]
[BlackClock "00:09:51"]
[PlyCount "72"]
[WhiteFideId "16215770"]
[BlackFideId "16239210"]
[EventCountry "GER"]
[EventRounds "9"]
[EventType "swiss"]
[EventDate "2025.06.07"]

1. e4 {[%clk 01:30:56]} {[%emt 00:00:02]} e5 {[%clk 01:30:57]} {[%emt
00:00:09]} 2. Nf3 {[%clk 01:31:18]} {[%emt 00:00:03]} Nc6 {[%clk 01:31:23]}
{[%emt 00:00:03]} 3. Bc4 {[%clk 01:31:38]} {[%emt 00:00:11]} Bc5 {[%clk
01:31:38]} {[%emt 00:00:16]} 4. d3 {[%clk 01:31:29]} {[%emt 00:00:36]} Nf6
{[%clk 01:31:49]} {[%emt 00:00:20]} 5. Nc3 {[%clk 01:31:45]} {[%emt 00:00:14]}
d6 {[%clk 01:31:12]} {[%emt 00:01:06]} 6. Na4 {[%clk 01:30:49]} {[%emt
00:01:26]} Bb6 {[%clk 01:31:32]} {[%emt 00:00:11]} 7. Nxb6 {[%clk 01:30:52]}
{[%emt 00:00:28]} axb6 {[%clk 01:31:55]} {[%emt 00:00:06]} 8. a3 {[%clk
01:30:34]} {[%emt 00:00:47]} h6 {[%clk 01:31:56]} {[%emt 00:00:29]} 9. h3
{[%clk 01:29:07]} {[%emt 00:01:57]} d5 {[%clk 01:30:23]} {[%emt 00:02:03]} 10.
exd5 {[%clk 01:23:26]} {[%emt 00:06:10]} Nxd5 {[%clk 01:30:48]} {[%emt
00:00:06]} 11. O-O {[%clk 01:22:13]} {[%emt 00:01:43]} O-O {[%clk 01:29:32]}
{[%emt 00:01:46]} 12. Re1 {[%clk 01:18:42]} {[%emt 00:04:00]} Re8 {[%clk
01:24:43]} {[%emt 00:05:20]} 13. Bd2 {[%clk 01:08:18]} {[%emt 00:10:54]} Bf5
{[%clk 01:19:51]} {[%emt 00:05:23]} 14. Bxd5 {[%clk 00:56:43]} {[%emt
00:12:04]} Qxd5 {[%clk 01:20:12]} {[%emt 00:00:09]} 15. Bc3 {[%clk 00:56:55]}
{[%emt 00:00:17]} Re6 {[%clk 01:12:30]} {[%emt 00:08:12]} 16. Re3 {[%clk
00:43:45]} {[%emt 00:13:41]} Rae8 {[%clk 01:07:07]} {[%emt 00:05:52]} 17. Qd2
{[%clk 00:39:20]} {[%emt 00:04:56]} Nd4 {[%clk 01:03:04]} {[%emt 00:04:33]} 18.
Bxd4 {[%clk 00:33:58]} {[%emt 00:05:51]} exd4 {[%clk 01:03:16]} {[%emt
00:00:20]} 19. Rxe6 {[%clk 00:34:14]} {[%emt 00:00:14]} Rxe6 {[%clk 01:03:03]}
{[%emt 00:00:43]} 20. Qf4 {[%clk 00:32:57]} {[%emt 00:01:47]} c5 {[%clk
00:53:06]} {[%emt 00:10:27]} 21. Re1 {[%clk 00:29:28]} {[%emt 00:03:58]} Rxe1+
{[%clk 00:46:00]} {[%emt 00:07:37]} 22. Nxe1 {[%clk 00:28:36]} {[%emt
00:01:21]} Bd7 {[%clk 00:41:53]} {[%emt 00:04:37]} 23. Nf3 {[%clk 00:27:07]}
{[%emt 00:01:58]} Bc6 {[%clk 00:41:13]} {[%emt 00:01:11]} 24. Qb8+ {[%clk
00:23:13]} {[%emt 00:04:23]} Kh7 {[%clk 00:41:30]} {[%emt 00:00:14]} 25. Qe5
{[%clk 00:23:05]} {[%emt 00:00:38]} Qd7 {[%clk 00:39:41]} {[%emt 00:02:20]} 26.
Nd2 {[%clk 00:20:12]} {[%emt 00:03:23]} f6 {[%clk 00:38:25]} {[%emt 00:01:45]}
27. Qf4 {[%clk 00:16:13]} {[%emt 00:04:27]} b5 {[%clk 00:29:15]} {[%emt
00:09:43]} 28. Kf1 {[%clk 00:12:42]} {[%emt 00:04:00]} b6 {[%clk 00:24:17]}
{[%emt 00:05:29]} 29. h4 {[%clk 00:10:41]} {[%emt 00:02:31]} Qd5 {[%clk
00:17:41]} {[%emt 00:07:05]} 30. Nf3 {[%clk 00:10:26]} {[%emt 00:00:45]} Qh5
{[%clk 00:12:35]} {[%emt 00:05:36]} 31. Ke2 {[%clk 00:07:36]} {[%emt 00:03:20]}
Bxf3+ {[%clk 00:08:38]} {[%emt 00:04:28]} 32. Qxf3 {[%clk 00:07:54]} {[%emt
00:00:11]} Qxh4 {[%clk 00:08:56]} {[%emt 00:00:13]} 33. Qf5+ {[%clk 00:07:24]}
{[%emt 00:00:59]} Kh8 {[%clk 00:08:40]} {[%emt 00:00:46]} 34. Qc8+ {[%clk
00:07:36]} {[%emt 00:00:19]} Kh7 {[%clk 00:09:06]} {[%emt 00:00:03]} 35. Qf5+
{[%clk 00:08:02]} {[%emt 00:00:04]} Kh8 {[%clk 00:09:24]} {[%emt 00:00:13]} 36.
Qc8+ {[%clk 00:07:56]} {[%emt 00:00:35]} Kh7 {[%clk 00:09:51]} {[%emt
00:00:03]} 1/2-1/2

[Event "ODJM A 2025"]
[Site "Willingen GER"]
[Date "2025.06.09"]
[Round "3"]
[White "Storm, Max"]
[Black "Abou Wally, Adrian"]
[Result "1/2-1/2"]
[Termination "normal"]
[Board "17"]
[WhiteElo "2061"]
[BlackElo "1947"]
[WhiteClock "00:21:51"]
[BlackClock "00:28:29"]
[PlyCount "94"]
[WhiteFideId "34625658"]
[BlackFideId "16245113"]
[EventCountry "GER"]
[EventRounds "9"]
[EventType "swiss"]
[EventDate "2025.06.07"]

1. e4 {[%clk 01:30:58]} {[%emt 00:00:02]} c6 {[%clk 01:30:54]} {[%emt
00:00:10]} 2. d4 {[%clk 01:31:23]} {[%emt 00:00:02]} d5 {[%clk 01:31:21]}
{[%emt 00:00:02]} 3. exd5 {[%clk 01:31:48]} {[%emt 00:00:05]} cxd5 {[%clk
01:31:47]} {[%emt 00:00:05]} 4. Bd3 {[%clk 01:32:10]} {[%emt 00:00:06]} Nc6
{[%clk 01:32:12]} {[%emt 00:00:05]} 5. c3 {[%clk 01:32:34]} {[%emt 00:00:07]}
Qc7 {[%clk 01:32:36]} {[%emt 00:00:05]} 6. h3 {[%clk 01:32:24]} {[%emt
00:00:40]} Bd7 {[%clk 01:30:38]} {[%emt 00:02:28]} 7. Nf3 {[%clk 01:27:09]}
{[%emt 00:05:45]} e5 {[%clk 01:27:36]} {[%emt 00:03:33]} 8. dxe5 {[%clk
01:22:48]} {[%emt 00:04:50]} Nxe5 {[%clk 01:28:00]} {[%emt 00:00:06]} 9. Nxe5
{[%clk 01:15:58]} {[%emt 00:07:20]} Qxe5+ {[%clk 01:28:28]} {[%emt 00:00:02]}
10. Qe2 {[%clk 01:15:05]} {[%emt 00:01:23]} Qxe2+ {[%clk 01:24:56]} {[%emt
00:04:03]} 11. Bxe2 {[%clk 01:14:40]} {[%emt 00:00:54]} Bd6 {[%clk 01:24:58]}
{[%emt 00:00:28]} 12. Nd2 {[%clk 01:12:32]} {[%emt 00:02:36]} Ne7 {[%clk
01:23:34]} {[%emt 00:01:56]} 13. Nb3 {[%clk 01:11:11]} {[%emt 00:01:52]} Nc6
{[%clk 01:15:53]} {[%emt 00:08:11]} 14. Be3 {[%clk 01:09:37]} {[%emt 00:02:02]}
O-O {[%clk 01:09:55]} {[%emt 00:06:30]} 15. O-O-O {[%clk 01:08:03]} {[%emt
00:02:03]} Be6 {[%clk 01:09:15]} {[%emt 00:01:11]} 16. Bf3 {[%clk 00:56:04]}
{[%emt 00:12:28]} Ne7 {[%clk 01:08:55]} {[%emt 00:00:51]} 17. Nd4 {[%clk
00:52:24]} {[%emt 00:04:09]} a6 {[%clk 01:07:08]} {[%emt 00:02:17]} 18. Rd2
{[%clk 00:50:48]} {[%emt 00:02:06]} Rac8 {[%clk 01:04:22]} {[%emt 00:03:16]}
19. Rhd1 {[%clk 00:47:21]} {[%emt 00:03:56]} h6 {[%clk 01:02:58]} {[%emt
00:01:55]} 20. Ne2 {[%clk 00:44:41]} {[%emt 00:03:10]} b5 {[%clk 00:47:15]}
{[%emt 00:16:14]} 21. a3 {[%clk 00:42:04]} {[%emt 00:03:07]} Rfd8 {[%clk
00:42:37]} {[%emt 00:05:07]} 22. Bb6 {[%clk 00:35:49]} {[%emt 00:06:45]} Re8
{[%clk 00:41:18]} {[%emt 00:01:49]} 23. Kb1 {[%clk 00:34:41]} {[%emt 00:01:39]}
Rb8 {[%clk 00:32:44]} {[%emt 00:09:03]} 24. Be3 {[%clk 00:29:55]} {[%emt
00:05:16]} Rbd8 {[%clk 00:31:56]} {[%emt 00:01:18]} 25. Bf4 {[%clk 00:29:22]}
{[%emt 00:01:04]} Bxf4 {[%clk 00:26:57]} {[%emt 00:05:29]} 26. Nxf4 {[%clk
00:29:44]} {[%emt 00:00:07]} Rd6 {[%clk 00:27:22]} {[%emt 00:00:05]} 27. Bxd5
{[%clk 00:23:41]} {[%emt 00:06:33]} Nxd5 {[%clk 00:20:59]} {[%emt 00:06:53]}
28. Nxd5 {[%clk 00:24:04]} {[%emt 00:00:07]} Bxd5 {[%clk 00:21:25]} {[%emt
00:00:04]} 29. Rxd5 {[%clk 00:24:27]} {[%emt 00:00:07]} Rxd5 {[%clk 00:21:52]}
{[%emt 00:00:04]} 30. Rxd5 {[%clk 00:24:50]} {[%emt 00:00:07]} Re2 {[%clk
00:22:16]} {[%emt 00:00:07]} 31. Rf5 {[%clk 00:24:20]} {[%emt 00:00:58]} f6
{[%clk 00:21:24]} {[%emt 00:01:23]} 32. g4 {[%clk 00:18:01]} {[%emt 00:06:49]}
Kf7 {[%clk 00:21:34]} {[%emt 00:00:21]} 33. Ka2 {[%clk 00:17:09]} {[%emt
00:01:21]} Ke6 {[%clk 00:21:29]} {[%emt 00:00:36]} 34. Rf3 {[%clk 00:14:31]}
{[%emt 00:03:08]} Ke5 {[%clk 00:12:31]} {[%emt 00:09:28]} 35. Rf5+ {[%clk
00:14:21]} {[%emt 00:00:40]} Ke6 {[%clk 00:12:54]} {[%emt 00:00:08]} 36. Kb3
{[%clk 00:08:30]} {[%emt 00:06:21]} g6 {[%clk 00:11:28]} {[%emt 00:01:56]} 37.
Rc5 {[%clk 00:05:06]} {[%emt 00:03:54]} Kd6 {[%clk 00:11:50]} {[%emt 00:00:08]}
38. Rc8 {[%clk 00:05:28]} {[%emt 00:00:08]} Rxf2 {[%clk 00:11:39]} {[%emt
00:00:42]} 39. Rg8 {[%clk 00:03:37]} {[%emt 00:02:19]} h5 {[%clk 00:04:10]}
{[%emt 00:08:00]} 40. Rxg6 {[%clk 00:01:31]} {[%emt 00:02:35]} hxg4 {[%clk
00:04:30]} {[%emt 00:00:11]} 41. hxg4 {[%clk 00:01:27]} {[%emt 00:00:34]} Kc5
{[%clk 00:00:57]} {[%emt 00:04:04]} 42. g5 {[%clk 00:26:18]} {[%emt 00:05:37]}
fxg5 {[%clk 00:27:42]} {[%emt 00:03:46]} 43. Rxa6 {[%clk 00:25:19]} {[%emt
00:01:29]} g4 {[%clk 00:27:58]} {[%emt 00:00:14]} 44. Rg6 {[%clk 00:25:38]}
{[%emt 00:00:10]} Rg2 {[%clk 00:28:25]} {[%emt 00:00:05]} 45. Rg5+ {[%clk
00:25:46]} {[%emt 00:00:22]} Kc6 {[%clk 00:28:07]} {[%emt 00:00:48]} 46. c4
{[%clk 00:21:40]} {[%emt 00:04:35]} bxc4+ {[%clk 00:28:03]} {[%emt 00:00:35]}
47. Kxc4 {[%clk 00:21:51]} {[%emt 00:00:17]} Rxb2 {[%clk 00:28:29]} {[%emt
00:00:06]} 1/2-1/2